Central Library OPAC University of Rajshahi

Operation victory / (Record no. 64699)

MARC details
000 -LEADER
fixed length control field 00738nam a2200229 a 4500
001 - CONTROL NUMBER
control field 64699
003 - CONTROL NUMBER IDENTIFIER
rucl marc code BD-RjUL
005 - DATE AND TIME OF LATEST TRANSACTION
control field 20211209081333.0
008 - FIXED-LENGTH DATA ELEMENTS--GENERAL INFORMATION
fixed length control field 170219m19631947enkb 001 0deng d
035 ## - SYSTEM CONTROL NUMBER
System control number (BD-RjUL)64829
040 ## - CATALOGING SOURCE
Original cataloging agency VCAV
Language of cataloging eng
Transcribing agency VCAV
Modifying agency BD-RjUL
041 ## - LANGUAGE CODE
Language code of text/sound track or separate title eng
082 14 - DEWEY DECIMAL CLASSIFICATION NUMBER
Classification number 940.548141
Edition number 23
Author mark and year DEO 1963
100 1# - MAIN ENTRY--PERSONAL NAME
Personal name De Guingand, Francis
Dates associated with a name 1900-1979.
9 (RLIN) 191811
245 10 - TITLE STATEMENT
Title Operation victory /
Statement of responsibility, etc. Francis De Guingand.
260 ## - PUBLICATION, DISTRIBUTION, ETC. (IMPRINT)
Place of publication, distribution, etc. London :
Name of publisher, distributor, etc. Hodder and Stoughton,
Date of publication, distribution, etc. 1947 [Impression 1963]
300 ## - PHYSICAL DESCRIPTION
Pagination 488 p. :
Illustrations ill. ;
Size 23 cm.
500 ## - GENERAL NOTE
General note Includes index.
600 10 - SUBJECT ADDED ENTRY--PERSONAL NAME
Personal name De Guingand, Francis,
Titles and other words associated with a name Sir,
Dates associated with a name 1900-1979.
650 #0 - SUBJECT ADDED ENTRY--TOPICAL TERM
Topical term or geographic name as entry element World War, 1939-1945
General subdivision Personal narratives, British.
9 (RLIN) 191812
942 ## - ADDED ENTRY ELEMENTS (KOHA)
Source of classification or shelving scheme Dewey Decimal Classification
Koha item type Books
Holdings
Lost status Source of classification or shelving scheme Damaged status Not for loan Collection code Permanent Location Current Location Shelving location Date acquired Source of acquisition Cost, normal purchase price Total Checkouts Full call number Date last seen Copy number Koha item type
  Dewey Decimal Classification   Not For Loan Non-fiction Central Library, University of Rajshahi Central Library, University of Rajshahi Reading Room 25/07/1972 Book Center 27.50   940.548141 DEO 1963 19/02/2017 C-1 Books